Επιχειρησιακές Επικοινωνίες (Record no. 1079)
[ view plain ]
| 000 -LEADER | |
|---|---|
| fixed length control field | 01630cam a22002054a 4500 |
| 005 - ΗΜΕΡΟΜΗΝΙΑ ΚΑΙ ΩΡΑ ΤΕΛΕΥΤΑΙΑΣ ΕΝΗΜΕΡΩΣΗΣ | |
| Πεδίο ελέγχου | 20250605163957.0 |
| 008 - FIXED-LENGTH DATA ELEMENTS--GENERAL INFORMATION | |
| Πεδίο ελέγχου σταθερού μήκους | 250528s ||||||||||||||||||||||||d |
| 035 ## - SYSTEM CONTROL NUMBER | |
| System control number | 15503 |
| 020 ## - ISBN | |
| ISBN | 9607344020 |
| 040 ## - ΠΗΓΗ ΚΑΤΑΛΟΓΟΓΡΑΦΗΣΗΣ | |
| Φορέας πρωτότυπης καταλογογράφησης | MC Athens Campus Library |
| Γλώσσα καταλογογράφησης | Ελληνικά, Μοντέρνα (1453-) |
| Modifying agency | MC Athens Campus Library |
| Κανόνες περιγραφικής καταλογογράφησης | AACR2 |
| 245 1# - ΤΙΤΛΟΣ ΚΑΙ ΔΗΛΩΣΗ ΥΠΕΥΘΥΝΟΤΗΤΑΣ | |
| Τίτλος | Επιχειρησιακές Επικοινωνίες |
| 260 ## - PUBLICATION, DISTRIBUTION, ETC. | |
| Name of publisher, distributor, etc. | Σύγχρονη Εκδοτική, |
| Date of publication, distribution, etc. | 1992 |
| 300 ## - PHYSICAL DESCRIPTION | |
| Extent | 240 |
| 505 0# - FORMATTED CONTENTS NOTE | |
| Formatted contents note | Εισαγωγή στην Επικοινωνία, Διοίκηση και Επικοινωνία, Εισαγωγή στη Γραπτή Επιχειρησιακή Επικοινωνία, Εισαγωγή στην Προφορική Επιχειρησιακή Επικοινωνία, Εισαγωγή στην Επικοινωνία των Ομάδων, Επιχειρησιακές Εκθέσεις, Εξοπλισμός και Επικοινωνία, Προβλήματα και Ασκήσεις Επικοινωνίας, Βιβλιογραφία. |
| 520 ## - SUMMARY, ETC. | |
| Summary, etc. | Εισαγωγή στην Επικοινωνία, Διοίκηση και Επικοινωνία, Εισαγωγή στη Γραπτή Επιχειρησιακή Επικοινωνία, Εισαγωγή στην Προφορική Επιχειρησιακή Επικοινωνία, Εισαγωγή στην Επικοινωνία των Ομάδων, Επιχειρησιακές Εκθέσεις, Εξοπλισμός και Επικοινωνία, Προβλήματα και Ασκήσεις Επικοινωνίας, Βιβλιογραφία. |
| 700 1# - ΠΡΟΣΘΕΤΗ ΑΝΑΓΡΑΦΗ--ΦΥΣΙΚΟ ΠΡΟΣΩΠΟ | |
| Personal name | Κόντης Θεμιστοκλής |
| 9 (RLIN) | 1435 |
| 942 ## - ADDED ENTRY ELEMENTS (KOHA) | |
| Koha item type | Books |
| Τύπος τεκμηρίου | Βιβλιοθήκη | Τρέχουσα τοποθεσία | Barcode | Αριθμός εισαγωγής | Ημερομηνία απόκτησης | Ταξιθετικό σύμβολο | Αριθμός αντιτύπου | Κατάσταση απόσυρσης | Κατάσταση χαμένου | Κατάσταση κατεστραμμένου | Μη δανεισμός | Σύνολο δανεισμών | Ημερομηνία τελευταίας εμφάνισης | Η τιμή ισχύει από |
|---|---|---|---|---|---|---|---|---|---|---|---|---|---|---|
| Books | MC Athens Campus Library | MC Athens Campus Library | 9780000010780 | 1849 | 05/06/2025 | 658.45 KON | 1 | 05/06/2025 | 05/06/2025 |